Reckless / (Record no. 9778)

MARC details
000 -LEADER
fixed length control field 01353nam a22002897a 4500
001 - CONTROL NUMBER
control field 9778
003 - CONTROL NUMBER IDENTIFIER
control field FISKH
005 - DATE AND TIME OF LATEST TRANSACTION
control field 20260223155713.0
008 - FIXED-LENGTH DATA ELEMENTS--GENERAL INFORMATION
fixed length control field 260223b cb ||||| |||| 00| 0 eng d
020 ## - INTERNATIONAL STANDARD BOOK NUMBER
International Standard Book Number 9781398530126
040 ## - CATALOGING SOURCE
Original cataloging agency FISKH
Language of cataloging eng
Transcribing agency FISKH
Modifying agency FISKH
050 ## - LIBRARY OF CONGRESS CALL NUMBER
Classification number PZ7.1 .R5936 .R
082 ## - DEWEY DECIMAL CLASSIFICATION NUMBER
Classification number 813.6
100 ## - MAIN ENTRY--PERSONAL NAME
Personal name Roberts, Lauren
245 ## - TITLE STATEMENT
Title Reckless /
Statement of responsibility, etc. Lauren Roberts
250 ## - EDITION STATEMENT
Edition statement This edition published in 2024
260 ## - PUBLICATION, DISTRIBUTION, ETC.
Place of publication, distribution, etc. London :
Name of publisher, distributor, etc. Simon & Schuster,
Date of publication, distribution, etc. 2023
300 ## - PHYSICAL DESCRIPTION
Extent 387 pages :
Other physical details maps ;
Dimensions 20 cm
490 ## - SERIES STATEMENT
Series statement Powerless :
Volume/sequential designation Book two
505 ## - FORMATTED CONTENTS NOTE
Formatted contents note R<br/>
520 ## - SUMMARY, ETC.
Summary, etc. After surviving the Purging Trials, Ordinary-born Paedyn Gray has killed the King and kickstarted a Resistance throughout the land. Now she's running from the one person she had wanted to run to.<br/><br/>Kai Azer is now Ilya's Enforcer, loyal to his brother Kitt, the new King. He has vowed to find Paedyn and bring her to justice.<br/><br/>Across the deadly Scorches, and deep into the hostile city of Dor, Kai pursues the one person he wishes he didn't have to. But in a city without Elites, the balance between the hunter and hunted shifts�and the battle between duty and desire is deadly.
521 8# - TARGET AUDIENCE NOTE
Target audience note 750<br/>
Source Lexile estimate<br/>
521 8# - TARGET AUDIENCE NOTE
Target audience note R<br/>
Source Raz-Plus <br/>
650 ## - SUBJECT ADDED ENTRY--TOPICAL TERM
Topical term or geographic name entry element Powerless
Form subdivision Fantasy
General subdivision Powerless Trilogy
942 ## - ADDED ENTRY ELEMENTS (KOHA)
Source of classification or shelving scheme Dewey Decimal Classification
Koha item type Books
Suppress in OPAC No
Holdings
Withdrawn status Lost status Source of classification or shelving scheme Damaged status Not for loan Collection Home library Current library Shelving location Date acquired Total Checkouts Full call number Barcode Date last seen Copy number Price effective from Koha item type
    Dewey Decimal Classification     Juvenile Fiction Footprints International School Library Network Toul Kork Campus Footprints International School Library Network Toul Kork Campus TK Primary Library Room(4th Floor), Bookcase 5&6, Shelves 33-56, Orange Books 02/23/2026   ROB 813.6 PZ7.1 .R5936 .R 2026-0265 02/23/2026 1 02/23/2026 Books